000 00315nab a22001097u 4500
008 130520b1981 xxu||||| |||| 00| 0 spa d
041 _aspa
100 1 _aKalkes, C.
_967193
245 0 0 _aLa teología feminista y Dios Padre
_cC. Kalkes
773 0 _tConcilium
_gV.1,1981,págs.451-462
_x0210-1041
_wRev134
942 _cAR
999 _c354720
_d354720